Statistics for This Day in Sports (August 22)

Click here to take the quiz!

General Stats

  • This quiz has been taken 9 times
  • The average score is 3 of 8

Answer Stats

QuestionAnswer% Correct
1994: DNA testing gives evidence that this American football star murdered his ex-wife and her friend.O.J. Simpson
100%
1951: This basketball team out of Harlem plays in the Olympic stadium in Berlin.Globetrotters
89%
1950: Althea Gibson becomes the first African American to participate in a US national competition in what sport?Tennis
67%
1851: The 100 Guineas cup is raced around this British island.Isle of Wight
33%
2007: The Texas Rangers score this many runs in one game, setting the record for modern MLB history.30
22%
1917: Pittsburgh Pirate Carson Bigbee sets the record when he has how many at bats in 22 innings?11
11%
1972: This south African country is banned from the Olympics for its racist policiesRhodesia
11%
2001: This high school basketball star and brother of NBA player, Lonzo Ball, is born.LiAngelo Ball
0%

Score Distribution

Percentile by Number Answered

Percent of People with Each Score

Your Score History

You have not taken this quiz